000 00281nam a2200109Ia 4500
001 589098
005 20250717120842.0
008 250717s9999 xx 000 0 und d
245 0 _aX-3 ÖFKELİNOZOR ÖMÜR
_cBRIAN MOSES
260 _bBİNBİR ÇİÇEK YAYINLARI
_c2018
300 _b20
999 _c589098
_d589098